00488nam a2200169 a 4500001001300000003000900013005001700022008004100039020002300080082001400103100001800117245007700135260004500212300000900257500003500266650001700301nice12345678IN_TiNIC20260116014801.0100108s2009 newa grp 000 0 eng  a9788121210157c90000a323bGUP1 aGupta, Shilpy aHuman Rights Among India Populationsb Knowledge, Awareness and Practice aNew Delhi bGyan Publishing House c2009 a456p aincludes index and biblioraphy aHuman Rights